000 00354nam a2200133Ia 4500
005 20260326100031.0
008 260326s9999||||xx |||||||||||||| ||und||
100 _aMartínez, Juan María
245 0 _aConctrucciones fabulosas /
_cJuan María Martínez
260 _bEdiciones del Prado
300 _a125 p.
650 _aARQUITECTURA CIVIL
942 _cBK
999 _c6620
_d6620